Mit politischen Texten didaktisch umgehen

Guardado en:
Detalles Bibliográficos
Autor principal: Kucharová, Jana, 1981-
Formato: Capítulo de libro
Lenguaje:alemán
Materias:
Etiquetas: Agregar Etiqueta
Sin Etiquetas, Sea el primero en etiquetar este registro!

MARC

LEADER 00000naa$a2200000$$$4500
001 0237638
005 20240502073836.0
041 0 |a ger 
044 |a SK 
245 1 0 |a Mit politischen Texten didaktisch umgehen  |c Jana Kucharová 
610 2 0 |a jazyky cudzie 
610 2 0 |a nemčina 
610 2 0 |a politika 
610 2 0 |a komunikácia 
610 2 0 |a vzdelávanie 
610 2 0 |a didaktika 
100 1 |a Kucharová, Jana, 1981-